00317nam a2200121Ia 4500008004100000041000800041082001800049100001900067245004500086260002800131300002400159365001200183240624s9999 xx 000 0 und d aeng a616.89166 MAZ aMAZZA NICHOLAS aPOETRY THERAPY INTERFACE OF THE ARTS AND c1999aLondonbCRC Press a202 : p. : cm. ; 23 cBPSb35